000 00671nam a22002057a 4500
003 AM-YeHGA
005 20250617153031.0
008 170517b1979 ru ||||| |||| 00| 0 rus d
040 _aAM-YeHGA
041 1 _arus
100 1 _aШкетан, М.
245 1 0 _aЭренгер :
_bРоман/
_cМ. Шкетан; Пер. с марийского В. Муравьева
260 _aМосква
_bСовременник
_c1979
300 _a223 с.
440 0 _aБиблиотека российского романа
653 0 _aМарийская литература
700 1 _aМуравьев, В.
_eпер.
_4trl
942 _2udc
_cBK
090 _c384819
999 _c382867
_d382867